000 00413cam a22001814a 4500
005 20250605163440.0
008 250528s ||||||||||||||||||||||||d
035 _a19475
020 _a960711339X
040 _aGR-AtMCL
_bgre
_dGR-AtMCL
_eAACR2
245 1 _aENGLISH GRAMMAR IN PRACTICE 3
250 _a1
260 _bGrivas,
_c1994
300 _a182
942 _cBK
999 _c4731
_d4731